Top 10 municipios más grandes de España - Estadísticas

Estadísticas generales
  • Esta prueba ha sido intentada 34 veces
  • La puntuación promedio es 4 de 10
Estadísticas de respuestas
Hint Respuesta % Correcto
1440 km² Badajoz
87%
1750 km² Cáceres
81%
974 km² Zaragoza
55%
1255 km² Córdoba
48%
1125 km² Albacete
42%
1675 km² Lorca
42%
1188 km² Jerez de la Frontera
35%
1208 km² Almodóvar del Campo
16%
969 km² Jumilla
16%
978 km² Écija
13%
No se encontraron pruebas coincidentes
Distribución de puntuación
Porcentaje de gente con cada puntuación
Porcentaje por número respondido
Historial de tus puntuaciones
No has intentado esta prueba.